[Event "RUS-chT 03rd"]
[Site "Kazan"]
[Date "1995.??.??"]
[Round "5"]
[White "Kharitonov, Andrei Y"]
[Black "Iskusnyh, Sergei"]
[Result "1-0"]
[WhiteElo "2550"]
[BlackElo "2430"]
[Annotator "Hecht,H"]
[PlyCount "159"]
[EventDate "1995.??.??"]
[EventType "team-tourn"]
[EventRounds "9"]
[EventCountry "RUS"]
[SourceTitle "CBM 051"]
[Source "ChessBase"]
[SourceDate "1996.04.01"]
[SourceVersion "1"]
[SourceVersionDate "1996.04.01"]
[SourceQuality "1"]
[WhiteTeam "Moscow CSKA"]
[BlackTeam "Kemerovo SDYuShOR Politekhnik"]
[WhiteTeamCountry "RUS"]
[BlackTeamCountry "RUS"]

1. g3 {Endspiel-CD} g6 2. Bg2 Bg7 3. d4 Nf6 4. e4 d6 5. Ne2 O-O 6. O-O e5 7.
Nbc3 Nc6 8. dxe5 dxe5 9. Bg5 Bg4 10. h3 h6 11. Qxd8 Nxd8 12. Bxf6 Bxe2 13. Bxg7
Bxf1 14. Bxh6 Bxg2 15. Kxg2 Re8 16. Nd5 Re6 17. Nxc7 Rc8 18. Nxe6 Nxe6 19. Rc1
g5 20. h4 f6 21. hxg5 fxg5 22. Rd1 Kf7 23. Rd5 Kf6 24. Rd6 Rc6 25. Rxc6 bxc6
26. Kf3 Kg6 27. Kg4 a5 28. b3 Kxh6 29. Kf5 Nd4+ 30. Kxe5 Nxc2 31. Kf6 g4 32. e5
Nb4 33. e6 Nd5+ 34. Kf7 Kg5 35. e7 Nc7 36. e8=Q Nxe8 37. Kxe8 Kf5 38. Kf7 $1 (
38. Kd7 Ke4 39. Kxc6 Kf3 40. Kb5 Kxf2 41. Kxa5 Kxg3 42. b4 Kh3 43. b5 g3 44. b6
g2 45. b7 g1=Q 46. b8=Q Qc5+ $10) 38... c5 39. Kg7 a4 40. Kh6 Ke5 41. Kg5 Kd4
42. Kxg4 axb3 (42... a3 43. f4 Kc3 44. f5 Kb2 45. f6 Kxa2 46. f7 $18) 43. axb3
Kc3 44. Kf5 Kxb3 45. g4 c4 46. g5 c3 47. g6 c2 48. g7 c1=Q 49. g8=Q+ {Gewinn
in 53Zügen lt. ENDSPIEL-CD CD1 Bei beiderseits bestem Spiel gewinnt Weiß nun
in 53 Zügen.} Kb4 50. Qb8+ Ka3 {Schwarz verhält sich richtig: Wenn der König
nicht vor den Bauern gehen kann, soll er so weit weg vom Umwandlungsfeld
stehen wie möglich.} 51. Qd6+ Kb3 52. f4 Qh1 53. Kg5 Qg1+ 54. Kf6 Qh2 55. Qe6+
Ka3 56. f5 Qh4+ 57. Kf7 Qh5+ 58. Ke7 Kb2 59. f6 Qc5+ 60. Qd6 Qg5 {Gewinn in 21
Zügen (E-CD)} 61. Qd4+ Kb1 62. Qe4+ Ka1 63. Ke6 Qh6 64. Qf5 Ka2 65. Qf2+ Ka1
66. Qg3 Ka2 67. Ke7 Qh7+ 68. f7 {Ich weiß gar nicht wieso, aber das Endspiel
Q+P vs.Q errinnnert mich irgenwie an Schwangerschaft und Geburt eines Kindes.
Der lange Weg des Bauern bis nach f7 entspricht der Dauer der Schwangerschaft,
die Weiß hier gut überstanden hat. Jetzt ist der Geburtstermin mit der
Umwandlung eingetreten. Wird es Komplikationen geben?} Qe4+ 69. Kf6 Qc6+ 70.
Kg7 Qb7 71. Qg6 Ka3 72. Qd6+ Ka2 73. Qd2+ Ka1 74. Kg8 Qb3 75. Qf4 Qd5 76. Kh8 (
76. Kh7 Qb7 77. Qf6+ Ka2 78. Qf2+ Ka1 79. Kg7 Kb1 80. Kg6 Qc6+ 81. Qf6 Qg2+ 82.
Kh7 Qh3+ 83. Kg7 {ist der kürzeste Gewinnweg.}) 76... Qh1+ 77. Kg7 Qg2+ 78. Kh7
Qh1+ (78... Qc2+ 79. Kh6 Qc6+ 80. Kg7 Qg2+ 81. Kh6 Qc6+ 82. Kh5 Qd5+ 83. Kg6
Qg2+ 84. Qg5 Qe4+ 85. Kg7 (85. Kh5 $4 Qh7+ $10) 85... Qb7 {usw. hätte den
Gewinn nochmal ordentlich verzögert.}) 79. Qh6 Qe4+ 80. Kh8 1-0

[Event "Rubinstein Memorial 32nd"]
[Site "Polanica Zdroj"]
[Date "1995.??.??"]
[Round "4"]
[White "Tiviakov, Sergei"]
[Black "Markowski, Tomasz"]
[Result "0-1"]
[WhiteElo "2655"]
[BlackElo "2530"]
[Annotator "Hecht,H"]
[PlyCount "162"]
[EventDate "1995.08.??"]
[EventType "tourn"]
[EventRounds "11"]
[EventCountry "POL"]
[EventCategory "14"]
[SourceTitle "CBM 049"]
[Source "ChessBase"]
[SourceDate "1995.12.01"]
[SourceVersion "1"]
[SourceVersionDate "1995.12.01"]
[SourceQuality "1"]

1. e4 d6 2. d4 Nf6 3. Nc3 g6 4. Bg5 Bg7 5. Qd2 h6 6. Bh4 g5 7. Bg3 Nh5 8. O-O-O
Nc6 9. Bb5 Bd7 10. Nge2 e6 11. f3 Nxg3 12. hxg3 a6 13. Bxc6 Bxc6 14. g4 Qe7 15.
Ng3 Rg8 16. Rhe1 O-O-O 17. Nh5 Bh8 18. Nd5 Qf8 19. Ne3 Kb8 20. Qa5 Bd7 21. Rd3
Bc8 22. Red1 Qe7 23. d5 b6 24. Qa3 Ka7 25. Ng3 Be5 26. Ne2 Bb7 27. Nd4 Qd7 28.
Rc3 Bxd4 29. Rxd4 Rh8 30. Rd1 h5 31. gxh5 Rxh5 32. Ng4 Rh4 33. dxe6 fxe6 34. e5
d5 35. Re3 Rdh8 36. Ree1 Qf7 37. Qe3 Qf5 38. Nf6 Rh2 39. Qf2 R8h4 40. Qg3 R4h3
41. Qf2 Qf4+ 42. Rd2 Rh8 43. Kb1 c5 44. Ng4 Rh1 45. Rdd1 Rxe1 46. Qxe1 Bc6 47.
b3 Be8 48. a4 a5 49. Qe2 Qb4 50. Qe3 Bg6 51. Kb2 d4 52. Qd2 Qxd2 53. Rxd2 Rh1
54. Re2 Rg1 55. Nf6 Kb7 56. Nd7 Rh1 57. Nf6 Kc6 58. Ne4 g4 59. c3 Rh2 60. Rd2
Bf5 61. cxd4 cxd4 62. Ng5 Kd5 63. fxg4 Bxg4 64. Nf7 Bh3 65. Nd6 Rxg2 66. Rxg2
Bxg2 {guter L mit Mehrbauer; allmähliche Einkreisung des wS i.V. mit den
wB-Schwächen e5 und b3; kritische Übergänge ins B-Endspiel} 67. Nc4 Kc5 68. Nd6
Bf1 69. Kc2 Ba6 (69... Kd5 70. Nc8 Ba6 $2 71. Nxb6+ Kc6 72. Nc4 Bxc4 73. bxc4
Kc5 74. Kd3 Kb4 75. Kxd4 Kxa4 76. Kc3 $14) 70. Ne8 Bb7 71. Nd6 Bd5 72. Nb5 Be4+
73. Kb2 Kd5 74. Nd6 Bd3 75. Nc8 Kc6 76. Ne7+ (76. Nd6 Kd5 77. Nc8 Ba6 $1 78.
Nxb6+ Kc6 79. Nc4 Bxc4 80. bxc4 Kc5 81. Kb3 d3 82. Kc3 d2 83. Kxd2 Kxc4 $19)
76... Kc5 77. Nc8 Ba6 78. Ne7 Bb7 79. Kc2 Be4+ 80. Kb2 Kb4 81. Nc8 d3 0-1

[Event "FIDE-Wch k.o."]
[Site "New Delhi/Teheran"]
[Date "2000.11.29"]
[Round "1.7"]
[White "Aleksandrov, Aleksej"]
[Black "El Taher, Fouad"]
[Result "1/2-1/2"]
[WhiteElo "2591"]
[BlackElo "2485"]
[Annotator "Hecht,H"]
[PlyCount "106"]
[EventDate "2000.11.27"]
[EventType "k.o."]
[EventRounds "7"]
[EventCountry "IND"]
[SourceTitle "CBM 081"]
[Source "ChessBase"]
[SourceDate "2001.03.20"]
[SourceVersion "1"]
[SourceVersionDate "2001.03.20"]
[SourceQuality "1"]

1. d4 d6 2. e4 Nd7 3. Be3 Ngf6 4. Nc3 e5 5. h3 Be7 6. Nge2 c6 7. a4 O-O 8. g4
d5 9. exd5 Nxd5 10. Nxd5 cxd5 11. dxe5 Nxe5 12. Bg2 Nc4 13. Bd4 Bb4+ 14. c3 Be7
15. b3 Na5 16. Ng3 Nc6 17. O-O Nxd4 18. Qxd4 Bf6 19. Qd3 Be6 20. Rfd1 Rc8 21.
Ne2 Qb6 22. b4 Rfd8 23. a5 Qc7 24. Rac1 h6 25. f4 Qe7 26. Nd4 Rc4 27. f5 Bc8
28. Nb3 Qc7 29. Bxd5 Rf4 30. Rc2 h5 31. Rg2 hxg4 32. hxg4 b6 33. c4 Rxc4 34. g5
Rc3 35. Qe4 Bxg5 36. Rxg5 Rg3+ 37. Rxg3 Qxg3+ 38. Qg2 Qxg2+ 39. Kxg2 Rxd5 40.
Rxd5 Bb7 41. Kg3 Bxd5 42. Nd4 bxa5 43. bxa5 {[#] Achtung: Remisfaktor
"falscher" Läufer bezogen auf den a-Randbauern!} Kf8 44. Kf4 Ke7 (44... f6 45.
a6 Ke7 46. Nb5 Bc6 47. Nxa7 Bd7 48. Ke4 Kd6 49. Kd4 Kc7 (49... Bxf5 50. Nb5+
Kc6 51. Nd6 $11) 50. Kc5 Bxf5 51. Nb5+ Kd7 52. Nc3 Kc8 53. Kb6 Bh3 54. Ne4 Bg2
55. Nd6+ Kd7 56. Nb7 Kc8 $11) 45. Ke5 Bb7 46. Ne2 f6+ 47. Kd4 Bc8 48. Ng3 Kd6
49. Ke4 Kc5 50. Nh5 Kb5 51. Nxg7 Kxa5 52. Ne8 Kb4 53. Nxf6 Bxf5+ 1/2-1/2

[Event "FRA-ch"]
[Site "Meribel"]
[Date "1998.08.28"]
[Round "15"]
[White "Kouatly, Bachar"]
[Black "Chomet, Pascal"]
[Result "1/2-1/2"]
[WhiteElo "2495"]
[BlackElo "2405"]
[Annotator "Hecht,H"]
[PlyCount "165"]
[EventDate "1998.08.14"]
[EventType "tourn"]
[EventRounds "15"]
[EventCountry "FRA"]
[EventCategory "10"]
[SourceTitle "CBM 067"]
[Source "ChessBase"]
[SourceDate "1998.11.30"]
[SourceVersion "2"]
[SourceVersionDate "1998.11.01"]
[SourceQuality "1"]

1. d4 d6 2. e4 Nf6 3. Nc3 g6 4. g3 Nbd7 5. Bg2 c5 6. d5 Bg7 7. Nf3 b5 8. e5
dxe5 9. Nxb5 Qa5+ 10. Nc3 Ba6 11. Bd2 Rd8 12. d6 exd6 13. Nd5 Qa4 14. Nc7+ Ke7
15. Ng1 e4 16. b3 Qc6 17. Nxa6 Qxa6 18. Ne2 Rhe8 19. O-O Kf8 20. c4 d5 21. cxd5
Nxd5 22. Rc1 Kg8 23. Bg5 N7f6 24. Qc2 Rc8 25. a4 Re5 26. Bxf6 Nxf6 27. Nc3 Rce8
28. Rce1 Qb7 29. Re2 Qb4 30. Rfe1 h5 31. h3 c4 32. bxc4 Qxc4 33. Qd2 Bf8 34.
Qf4 Rf5 35. Qc1 Rc5 36. Na2 Qxa4 37. Qa1 Bg7 38. Qb1 Qd4 39. Qb7 Rce5 40. Nb4
Qb6 41. Qxb6 axb6 42. Rb2 R5e6 43. Rb3 Bf8 44. Na6 Rc8 45. Rd1 Kg7 46. Bf1 Be7
47. Be2 Rc2 48. Kf1 e3 49. f3 h4 50. g4 Bc5 51. Nxc5 Rxc5 52. Rd4 Rc1+ 53. Kg2
Rc2 54. Kf1 Ra2 55. Rdd3 Ra1+ 56. Kg2 Re1 57. Rb2 g5 58. Rd4 Re5 59. f4 gxf4
60. Kf3 Nd5 61. Bc4 Nc3 62. Rd7 b5 63. Bxf7 e2 64. Bc4+ Kf8 65. Bxe2 R1xe2 66.
Rxe2 Nxe2 {In der Folge spielt Weiß solange ungenau, bis der Gewinn, der an
drei Stellen erst leicht, dann schwieriger nachzuweisen ist, weg ist.} 67. g5
Re3+ $6 (67... b4 $1 68. Rb7 (68. Kg4 Rb5 69. Kh5 f3 70. Kh6 f2 71. g6 f1=Q 72.
g7+ Ke8 73. g8=Q+ Kxd7 $19) 68... Rb5 69. Rxb5 Nd4+ $19) 68. Kg4 f3 69. g6 Kg8
$6 (69... Re7 $1 $19) 70. Kg5 Ng3 71. Rd8+ Kg7 72. Rd7+ Kf8 73. Rf7+ Ke8 74.
Kxh4 Ne4 $2 (74... Nh1 $1 75. Rf4 f2 76. g7 (76. Kg5 Rg3+ 77. Kf6 Rg1 78. g7
f1=Q $19) 76... Rg3 77. Rxf2 Nxf2 78. Kxg3 Ne4+ 79. Kf4 Nf6 80. Ke5 Kf7 81. Kd4
(81. g8=Q+ Kxg8 82. Kxf6 b4 $19) 81... b4 82. Kc4 Nd5 $19) 75. Rf4 f2 76. g7
Rg3 77. Rxe4+ Kd7 78. Rf4 Rxg7 79. Rxf2 Kc6 80. Kh5 b4 81. h4 Kd5 82. Kh6 Rg1
83. h5 1/2-1/2

[Event "Paris NAO GM 3rd"]
[Site "Paris"]
[Date "2003.12.21"]
[Round "7"]
[White "Murey, Jacob"]
[Black "Marzolo, Cyril"]
[Result "1/2-1/2"]
[WhiteElo "2465"]
[BlackElo "2462"]
[Annotator "Hecht,H"]
[PlyCount "156"]
[EventDate "2003.12.15"]
[EventType "tourn"]
[EventRounds "9"]
[EventCountry "FRA"]
[EventCategory "9"]
[SourceTitle "CBM 099"]
[Source "ChessBase"]
[SourceDate "2004.03.30"]
[SourceVersion "1"]
[SourceVersionDate "2004.03.30"]
[SourceQuality "1"]

1. e4 d6 2. d4 Nf6 3. Nc3 e5 4. dxe5 dxe5 5. Qxd8+ Kxd8 6. Nf3 Bd6 7. Bc4 Ke7
8. Bg5 Be6 9. Bxe6 fxe6 10. O-O-O a6 11. h3 Rf8 12. a3 Nc6 13. Rhe1 Rf7 14. Be3
h6 15. Ng1 Nh5 16. f3 Nf4 17. Rd2 b5 18. Red1 Na5 19. g3 Nc4 20. gxf4 Nxe3 21.
fxe5 Bxe5 22. Rd7+ Ke8 23. Rxf7 Nxd1 24. Rxg7 Bxg7 25. Nxd1 Rd8 26. Ne2 h5 27.
Nf2 Bh6+ 28. f4 e5 29. Nd3 exf4 30. Kd1 c5 31. Ke1 c4 32. Ndxf4 Bxf4 33. Nxf4
Rd4 34. Nxh5 Rxe4+ 35. Kd2 Rh4 36. Nf6+ Ke7 37. Nd5+ Kd6 38. Ne3 Rxh3 {[#] The
exchange should be decisve since there are 3-3 pawns and no weaknesses.  [#]
Bei 3-3 Bauern ohne Schwäche sollte die Mehrqualität entscheiden.} 39. c3 Rh1 {
The logical plan involves activating the king and separating the opponent's
king from his knight. A example of what is possible is... Der logische Plan
sieht Königsaktivierung und Trennung des Königs vom Springer vor. Ein Beispiel
soll aufzeigen, was möglich ist.} (39... Rh2+ 40. Kc1 Rh1+ 41. Kd2 Ke5 42. Ng4+
Kf4 43. Nf6 Rh2+ 44. Kc1 Rh6 45. Nd5+ Ke4 46. Nb4 a5 47. Nc2 Kd3 48. Ne1+ Ke2
49. Ng2 Rh1+ 50. Kc2 Rh2 {winning the knight. Springergewinn}) 40. a4 Kc5 41.
axb5 axb5 42. Kc2 Rh3 43. Nf1 Kb6 44. Nd2 Ka5 45. Kb1 Rh2 46. Nf3 Rf2 47. Nd4
Ka4 48. Nc6 Rf6 49. Nd4 b4 50. cxb4 Rd6 51. Ne2 Rd2 52. Nc1 Kxb4 53. Na2+ Kc5
54. Kc1 Rh2 55. Kb1 Kd4 56. Nb4 Rh6 57. Kc2 Rh2+ 58. Kb1 Rf2 59. Kc1 Rh2 60.
Kb1 Ke3 61. Kc1 Kd4 62. Kb1 Rf2 63. Kc1 c3 64. bxc3+ Kxc3 {A winning position
for Black: mate or the win of the knight.  Gewinnstellung für Schwarz: Matt
oder Springerfang} 65. Nd5+ Kd4 $6 (65... Kc4 $1 66. Ne3+ (66. Nb6+ Kd3 67. Na4
Rc2+ 68. Kb1 Kd2 69. Nb2 Rc1+ 70. Ka2 Kc3 71. Na4+ Kb4 72. Nb2 Rh1 73. Nd3+ Kc3
$19 {because the knight is once more separated from its king. weil der
Springer erneut vom König getrennt wird.}) 66... Kd3 67. Nd5 (67. Ng4 Rf1+ 68.
Kb2 Kd4 69. Kc2 Rf4 $18) 67... Rf5 68. Ne7 (68. Nb4+ Kc3 69. Na2+ Kb3 70. Kb1
Rf1+ 71. Nc1+ Kc3 $19) 68... Rc5+ 69. Kb2 Ke4 70. Kb3 Rc7 71. Ng6 Rg7 72. Nf8
Kf5 73. Kc4 Rf7 $19) 66. Nb4 Kc4 $2 (66... Kc3 67. Nd5+ Kc4 {see above siehe
vor}) 67. Nc2 {Drawing position.  Remisstellung} Kd3 68. Nb4+ Kc3 69. Nd5+ Kc4
70. Nb6+ Kb5 71. Nd5 Kc4 72. Nb6+ Kd4 73. Na4 Ra2 74. Nb2 Kc3 75. Nd1+ Kb3 76.
Ne3 Rh2 77. Kd1 Kc3 78. Ng4 Ra2 1/2-1/2

[Event "Biel Credis"]
[Site "Biel"]
[Date "1996.??.??"]
[Round "4"]
[White "Peptan, Corina Isabela"]
[Black "Landenbergue, Claude"]
[Result "1-0"]
[WhiteElo "2395"]
[BlackElo "2410"]
[Annotator "Hecht,H"]
[PlyCount "107"]
[EventDate "1996.07.22"]
[EventType "tourn"]
[EventRounds "11"]
[EventCountry "SUI"]
[EventCategory "10"]
[SourceTitle "CBM 055"]
[Source "ChessBase"]
[SourceDate "1996.12.01"]
[SourceVersion "1"]
[SourceVersionDate "1996.12.01"]
[SourceQuality "1"]

1. e4 c5 2. c3 d6 3. d4 Nf6 4. Bd3 g6 5. Ne2 Bg7 6. O-O O-O 7. f3 cxd4 8. cxd4
e5 9. Be3 exd4 10. Nxd4 Re8 11. Nc3 Nc6 12. Nxc6 bxc6 13. Qa4 Bd7 14. Rad1 Qb8
15. Rf2 d5 16. Bc5 Qe5 17. Bb1 Qh5 18. exd5 cxd5 19. Qf4 g5 20. Qd2 Qh4 21. Be3
h6 22. Bd4 Be6 23. Qd3 a6 24. Ne2 Rec8 25. b3 Rc6 26. Ng3 Qf4 27. Bxf6 Qxf6 28.
Nh5 Qa1 29. Rfd2 Rac8 30. Qh7+ Kf8 31. Bd3 Qd4+ 32. Kf1 Qe5 33. Re1 Qc3 34. Rc2
Qd4 35. Rxc6 Rxc6 36. Rd1 a5 37. Be2 Qe5 38. Kf2 a4 39. bxa4 Rc3 40. Nxg7 Qxg7
41. Qxg7+ Kxg7 {[#] Unterstützung des entfernten a-Freibauern erst durch den T
von hinten, dann den L via e4 und im reinen T-Endspiel durch den K.
Hartnäckiger war passive Verteidigung} 42. Rd3 Rc2 (42... Rc5 $5 43. Ke3 Ra5
44. Ra3 (44. Bd1 $5) 44... Kf6 45. Kd4 Ke7 46. Kc3 $1 $16 {samt Kb4}) 43. Ra3
d4 44. Ke1 Bxa2 {Zeitverlust!} (44... Rc3 $2 45. Rxc3 dxc3 46. Kd1 Bxa2 47. Kc2
$18) (44... f5 45. a5 Kf6 46. a6 Bd5 47. a7 Rc8 48. Ra6+ $18) 45. a5 Bd5 46. a6
Ba8 47. Bd3 Rc5 48. Be4 Bxe4 49. fxe4 Rc8 50. a7 Ra8 51. Kd2 Kf6 52. Kd3 h5 53.
Kxd4 h4 54. Ra6+ 1-0

[Event "EU-ch 1st"]
[Site "Saint Vincent"]
[Date "2000.07.12"]
[Round "9"]
[White "Godena, Michele"]
[Black "Azmaiparashvili, Zurab"]
[Result "0-1"]
[WhiteElo "2485"]
[BlackElo "2673"]
[Annotator "Hecht,H"]
[PlyCount "134"]
[EventDate "2000.07.03"]
[EventType "swiss"]
[EventRounds "11"]
[EventCountry "ITA"]
[SourceTitle "CBM 078"]
[Source "ChessBase"]
[SourceDate "2000.10.18"]
[SourceVersion "1"]
[SourceVersionDate "2000.10.18"]
[SourceQuality "1"]

1. e4 d6 2. d4 Nf6 3. Nc3 e5 4. dxe5 dxe5 5. Qxd8+ Kxd8 6. Bc4 Ke8 7. Nf3 Bd6
8. O-O a6 9. a4 Nc6 10. Ng5 Nd8 11. Nd5 Nxd5 12. Bxd5 f6 13. Nf3 Be6 14. Bxe6
Nxe6 15. Rd1 Ke7 16. Kf1 Nc5 17. Nd2 b5 18. b3 Ne6 19. Bb2 Bc5 20. g3 Rhd8 21.
axb5 axb5 22. Rxa8 Rxa8 23. Ra1 Rd8 24. Nf3 Bd4 25. Nxd4 exd4 26. Ra5 Rb8 27.
f4 Kd7 28. Ke2 Nc5 29. Bxd4 Nxe4 30. Kd3 Nd6 31. Ra6 Re8 32. Bc5 Ne4 33. Bd4 h5
34. Ra5 Nd6 35. Bf2 Ke6 36. Ra7 Re7 37. Bc5 Rd7 38. Bxd6 Rxd6+ 39. Ke3 Rc6 40.
Kd3 Kf5 41. Ra8 Rd6+ 42. Ke3 Re6+ 43. Kf3 Rc6 44. c4 bxc4 45. Ra5+ Kg6 46. f5+
Kh6 47. bxc4 Rxc4 {[#] Der Freibauer wird alsbald günstiger von der Seite
gedeckt.} 48. h4 Rc3+ 49. Kf4 Kh7 50. Rd5 c5 51. Rd8 Rc1 52. Rc8 Rf1+ 53. Ke4
Re1+ 54. Kf4 Re5 55. Rc6 Kg8 56. Rc8+ Kf7 57. Rc7+ Kf8 58. Rc8+ Ke7 59. Rc7+
Kd6 60. Rxg7 Rd5 61. Rh7 {ein Spielbeispiel zu 61.Tf7} (61. Rf7 Rd4+ 62. Ke3
Ke5 63. Rc7 Rd5 64. g4 (64. Rh7 c4 65. Rxh5 c3 66. Rh8 Rc5 67. Re8+ Kxf5 68.
g4+ Kg6 $19) 64... hxg4 65. h5 Kxf5 66. h6 Kg6 67. h7 Rd8 68. Kf4 f5 69. Rc6+
Kxh7 70. Kxf5 g3 71. Rxc5 g2 72. Rc1 Rf8+ $19) ({und ein Beispiel zum besseren
61.Tg8!} 61. Rg8 Rd4+ 62. Ke3 Ke5 63. Rh8 Ra4 64. Rxh5 Ra3+ 65. Kf2 c4 66. Rh8
Kxf5 67. Rc8 $11) 61... c4 62. Rf7 $2 ({Chancen bot nur noch} 62. Rh8 $142 c3
63. Rc8 Rc5 64. Rd8+ Kc6 65. Rd1 c2 66. Rc1 Kd5 (66... Kb5 67. g4 Rc4+ (67...
hxg4 68. h5 Kb4 69. h6 Kc3 70. h7 Rc8 71. Kxg4 $11) 68. Ke3 Kb4 69. g5 Kc3 70.
gxf6 Kb2 71. f7 Rc8 72. Rf1 Rf8 73. Kf4 Rxf7 74. Kg5 $11) 67. g4 Rc4+ 68. Ke3
hxg4 69. h5 Ke5 70. h6 Rc7 $19) 62... c3 63. Rxf6+ Kc7 64. Rf7+ Kb6 65. Rf6+
Kb5 66. Rf8 (66. Re6 c2 67. Re1 Rd1 $19) 66... c2 67. Rc8 Rc5 0-1

[Event "FRA-ch Pool A"]
[Site "Marseille"]
[Date "2001.08.16"]
[Round "4"]
[White "Koch, Jean Rene"]
[Black "Belkhodja, Slim"]
[Result "1-0"]
[WhiteElo "2518"]
[BlackElo "2531"]
[Annotator "Hecht,H"]
[PlyCount "122"]
[EventDate "2001.08.13"]
[EventType "tourn"]
[EventRounds "7"]
[EventCountry "FRA"]
[EventCategory "13"]
[SourceTitle "CBM 085"]
[Source "ChessBase"]
[SourceDate "2001.11.13"]
[SourceVersion "1"]
[SourceVersionDate "2001.11.13"]
[SourceQuality "1"]

1. e4 d6 2. d4 Nf6 3. Nd2 e5 4. c3 Be7 5. Bd3 O-O 6. Ne2 Nc6 7. f4 exd4 8. cxd4
Bg4 9. Nf3 d5 10. e5 Bb4+ 11. Bd2 Ne4 12. Bxb4 Nxb4 13. O-O Nxd3 14. Qxd3 Qd7
15. Nc3 Bxf3 16. Rxf3 f5 17. exf6 Nxf6 18. Re1 c6 19. h3 Qd6 20. g3 Rae8 21.
Rfe3 Rxe3 22. Rxe3 c5 23. Re5 Rd8 24. g4 h6 25. g5 hxg5 26. fxg5 cxd4 27. Qxd4
Ne4 28. Nxd5 Ng3 29. Kg2 Nh5 30. Qe4 g6 31. Re8+ Rxe8 32. Qxe8+ Kg7 33. Qe7+
Qxe7 34. Nxe7 {[%csl Ra5,Rb6,Rg6][%cal Ye7c8,Yc8d6,Yd6e8,Ye8c7,Yc7d5,Yd5b6,
Yb6d5,Yd5e3,Ye3c4,Yc4a5,Ya5c6,Yc6e7] [#] Ein weißer Mehrbauer bei geringem
Bauernmaterial - Interessante Springerwege, die hier mit gelben Pfeilen vorweg
markiert sind. In den folgenden 20 Zügen macht der weiße Springer 10 Züge bis
er wieder auf dem Ausgangsfeld e7 landet und g6 erobert.} Nf4+ 35. Kg3 Nd3 36.
Nc8 a6 37. Nd6 b6 38. Ne8+ Kf7 39. Nc7 a5 40. b3 Nc1 41. a4 Nxb3 42. Nd5 Ke6
43. Nxb6 Kf5 44. h4 Nc5 45. Kf3 Nb3 46. Nd5 {[%csl Rg6][%cal Rd5e7]} Nd4+ 47.
Ke3 Nc6 48. Kf3 Nd4+ 49. Kg3 $1 Ne2+ 50. Kf2 Nf4 51. Ne3+ {[%csl Yg4]} Ke4 52.
Nc4 Nd3+ 53. Kg3 Kf5 (53... Nc5 $142 54. Nxa5 Kd5 55. Kf4 Nxa4 56. Nb7 Nc3 57.
h5 gxh5 (57... Ke6 58. Nd8+ {[%csl Yf7]} Ke7 59. h6 Kf8 60. Ne6+ Kg8 61. Ke5 {
und g6 fällt}) 58. Kf5 Ne4 59. g6 Ng3+ 60. Kg5 Ne4+ 61. Kxh5 Ke6 62. Kh6 Ng3
63. Kh7 Nf5 {und der Gewinn muss hier erst noch nachgewiesen werden. Tablebase
oder John Nunn ("Secrets of minor piece endings") fragen!}) 54. Nxa5 Nc5 55.
Nc6 Nxa4 56. Ne7+ Ke6 57. Nxg6 Kf5 58. Ne7+ Ke6 59. Nc6 Kf5 60. Nd4+ Ke5 61. h5
Kd5 1-0

[Event "USA-ch"]
[Site "Parsippany"]
[Date "1996.??.??"]
[Round "5"]
[White "Gulko, Boris F"]
[Black "Benjamin, Joel"]
[Result "1/2-1/2"]
[WhiteElo "2615"]
[BlackElo "2565"]
[Annotator "Hecht,H"]
[PlyCount "178"]
[EventDate "1996.07.13"]
[EventType "tourn"]
[EventRounds "13"]
[EventCountry "USA"]
[EventCategory "12"]
[SourceTitle "CBM 055"]
[Source "ChessBase"]
[SourceDate "1996.12.01"]
[SourceVersion "1"]
[SourceVersionDate "1996.12.01"]
[SourceQuality "1"]

1. d4 d6 2. e4 Nf6 3. f3 e5 4. d5 Nxe4 $2 5. fxe4 Qh4+ 6. Kd2 Qxe4 7. Qf3 Qg6
8. Qg3 Be7 9. Nc3 f5 10. Qxg6+ hxg6 11. Nh3 Nd7 12. Ke1 c6 13. a4 Nb6 14. dxc6
bxc6 15. a5 Nd7 16. b4 a6 17. Na4 d5 18. c3 Rb8 19. Be3 d4 20. cxd4 Bxb4+ 21.
Bd2 Rh4 22. dxe5 Re4+ 23. Be2 Bxd2+ 24. Kxd2 Rbb4 25. Nc3 Rb2+ 26. Kc1 Rexe2
27. Nxe2 Rxe2 28. Nf4 Rxe5 29. Nxg6 Rc5+ 30. Kd2 Kf7 31. Nf4 g5 32. Nd3 Rd5 33.
Rhc1 Ne5 34. Ra3 $4 (34. Rc3 $10) 34... Nxd3 $4 (34... f4 $1 {drohend Lf5} 35.
Rc5 Rxc5 36. Nxc5 Nc4+) 35. Rxd3 Rxa5 36. Rxc6 Ra2+ 37. Rc2 Rxc2+ 38. Kxc2 {
ab Zug 47 T vs L bei 2-2 Bauern am K-Flügel und je einem gedeckten Freibauern
ausgelassener Gewinn Zug 62, danach keine ausreichende Koordination zwischen T
und K zwecks Eroberung von g4 und Bewachung von f3} Ke6 39. Rb3 Ke5 40. Rb6 f4
41. Kd2 Ke4 42. Rc6 Bb7 43. Rc5 Bd5 44. Ra5 Kd4 45. Ke2 g4 46. Kf2 Be6 47. Rxa6
Ke5 48. Ra5+ Kf6 49. Ke2 Bf5 50. Rc5 Kg6 51. Rc4 Kg5 52. g3 f3+ 53. Ke3 Bd7 54.
Rc5+ Kg6 55. Ra5 Kf6 56. Rh5 Kg6 57. Rc5 Kf6 58. h3 Kg6 59. Rc7 (59. hxg4 Bxg4
60. Rc4 (60. Kf4 $2 f2 61. Rc1 Bh3 $10) 60... Kg5 61. Rf4 Bh5 62. Ke4 Bg4 63.
Ke5 Bh5 $10) 59... Bf5 60. Rc6+ Kg5 61. h4+ Kh5 62. Rf6 $2 (62. Rc5 $1 Kg6 63.
h5+ Kf6 64. h6 $18 Bh7 65. Rc7 Kg6 66. Rg7+ Kxh6 67. Rxg4 Bg6 68. Rh4+) 62...
Bc2 63. Kd4 Bg6 64. Rf4 Be8 65. Ke5 Bb5 66. Rf5+ Kg6 67. Rf6+ Kg7 68. Rf4 Kh6
69. Kf5 Bd7+ 70. Kf6 Bb5 71. Kf7 Kh7 72. Ke6 Bd3 73. Rf6 Bc4+ 74. Ke5 Bb5 75.
h5 Kg7 76. h6+ Kh7 77. Ke4 Bc4 78. Ke3 Be2 79. Rf4 Kxh6 80. Rxg4 Bd1 81. Rd4
Be2 82. Rd5 Kg6 83. Kf2 Kf6 84. g4 Kg6 85. Rd6+ Kg5 86. Rd4 Kh4 87. Re4 Kg5 88.
Kg3 f2 89. Re5+ Kg6 1/2-1/2

[Event "Nordic-ch"]
[Site "Aarhus"]
[Date "2003.09.08"]
[Round "3"]
[White "Agrest, Evgenij"]
[Black "Lehtinen, Heikki"]
[Result "1-0"]
[WhiteElo "2605"]
[BlackElo "2362"]
[Annotator "Hecht,H"]
[PlyCount "141"]
[EventDate "2003.09.06"]
[EventType "tourn"]
[EventRounds "11"]
[EventCountry "DEN"]
[EventCategory "10"]
[SourceTitle "CBM 098"]
[Source "ChessBase"]
[SourceDate "2004.02.03"]
[SourceVersion "1"]
[SourceVersionDate "2004.02.03"]
[SourceQuality "1"]

1. d4 d6 2. e4 Nf6 3. f3 e5 4. Ne2 exd4 5. Nxd4 c5 6. Nb3 Be6 7. c4 Nxe4 8.
fxe4 Qh4+ 9. Kd2 Qxe4 10. Nc3 Qg6 11. Qf3 Nc6 12. Bd3 Ne5 13. Bxg6 Nxf3+ 14.
gxf3 hxg6 15. Kd3 Rh4 16. Nd2 O-O-O 17. b3 Be7 18. Nde4 d5 19. cxd5 Bxd5 20.
Nxd5 Rxd5+ 21. Kc2 Rdh5 22. Bd2 Rxh2 23. Rxh2 Rxh2 24. Kd3 Kd7 25. Rg1 Kc6 26.
a4 Bf6 27. Rc1 b6 28. Re1 Rh3 29. Rf1 Rh2 30. Be3 Rh5 31. Rc1 Rd5+ 32. Ke2 Bd4
33. Bxd4 Rxd4 34. Rh1 Rd7 35. Rh8 Re7 36. Kd3 Rd7+ 37. Kc3 Re7 38. Rc8+ Kd5 39.
Kd3 Ke5 40. Ke3 Kd5 41. Kd3 Ke5 42. Nc3 Rb7 43. Ke3 g5 44. a5 bxa5 45. Rxc5+
Kf6 46. Ne4+ Kg6 47. Nd2 Kh5 48. Rxa5 g6 49. Ra1 Kh6 50. Ra4 f5 51. Rd4 Kh5 52.
Kf2 Rc7 53. Nc4 Rb7 54. Nd2 Rc7 55. Rd6 Rg7 56. Kg3 Rb7 57. Rd3 Re7 58. Nc4 Rc7
59. Ne5 Rb7 60. Rd7 Rxd7 61. Nxd7 Kh6 62. Ne5 Kg7 63. Nc6 Kf6 64. Nxa7 Ke5 65.
Nc6+ Kd6 66. Nb4 Kc5 67. Nd3+ Kd4 {Übergang ins Bauernendspiel nach
Springeropfer} 68. b4 {Einfaches Bauernrennen mit Nebenlösung} ({Die
Nebenlösung lautet} 68. Nf4 gxf4+ (68... g4 {(!)} 69. fxg4 fxg4 (69... Kc3 70.
g5 $18) 70. b4 Kc4 71. Nd3 $18) 69. Kxf4 Kc3 70. Kg5 Kxb3 71. Kxg6 $18) 68...
Kxd3 69. b5 Ke3 70. b6 g4 71. b7 ({Sogar} 71. f4 g5 72. fxg5 f4+ 73. Kxg4 f3
74. b7 f2 75. b8=Q f1=Q 76. Qe5+ Kd2 77. Qf4+ {gewinnt nach Damentausch.}) 1-0